00420 2200169 4500001002100000005001500021008004100036020002200077035001900099041000700118082000800125090000800133100001600141245003200157260004500189300001600234INLIS00000000001100820241224114113241224||||||||| | ||| |||| || |  a978-979-605-589-0 0010-1224011008 aid0 a813 a8130 aEnid Blyton00aLima sekawan di pulau harta aJakartabPT.GRAMEDIA PUSTAKA UTAMAc2007 a229hlm;18cm